Statistics for Χώρες που αρχίζουν από Π

Click here to take the quiz!

General Stats

  • This quiz has been taken 830 times
  • The average score is 6 of 9

Answer Stats

Απάντηση% Correct
Πορτογαλία
90%
Πολωνία
80%
Περού
80%
Παραγουάη
76%
Πακιστάν
75%
Παναμάς
70%
Παλάου
51%
Παπουασία-Νέα Γουινέα
50%
Πράσινο Ακρωτήριο
25%

Score Distribution

Percentile by Number Answered

Percent of People with Each Score

Your Score History

You have not taken this quiz